000 00440nam a2200169 a 4500
001 0000-9256
003 ELIB.Books
008 110520 1995
035 _a(ELIB.Books)0000-9408
082 _a220.6
_bVoe
100 _aVoelz, James W.
245 _aWhat Does This Mean?
260 _bSt. Louis: Concordia Publishing House
_c1995
650 _aBible - Interpreting
942 _2ddc
_cBK
998 _cbat
_e2011-05-20
999 _c9256
_d9256